| 000 | 00347nam a2200145Ia 4500 | ||
|---|---|---|---|
| 008 | 230917s9999||||xx |||||||||||||| ||und|| | ||
| 040 |
_e40753 _aMAIN |
||
| 041 | _aEnglish | ||
| 082 | _a973 C764I | ||
| 100 | _aConrad, Peter | ||
| 245 | 0 | _aImagining America | |
| 260 |
_aLondon _bRoutledge & Kegan Paul _c1980 |
||
| 300 | _a319 p. | ||
| 942 | _cBK | ||
| 999 |
_c229969 _d229969 |
||